| 000 -LEADER |
| fixed length control field |
01090cam a2200289Ia 4500 |
| 001 - CONTROL NUMBER |
| control field |
.b22443691 |
| 003 - CONTROL NUMBER IDENTIFIER |
| control field |
OCoLC |
| 005 - DATE AND TIME OF LATEST TRANSACTION |
| control field |
20190808102001.0 |
| 008 - FIXED-LENGTH DATA ELEMENTS--GENERAL INFORMATION |
| fixed length control field |
090121s2008 enkac 000 0 eng |
| 015 ## - NATIONAL BIBLIOGRAPHY NUMBER |
| National bibliography number |
GBA883239 |
| 020 ## - INTERNATIONAL STANDARD BOOK NUMBER |
| International Standard Book Number |
9781405322430 |
| Terms of availability |
(hbk.) |
| 040 ## - CATALOGING SOURCE |
| Original cataloging agency |
B9K |
| Language of cataloging |
eng |
| Transcribing agency |
B9K |
| Modifying agency |
UKM |
| -- |
NLGGC |
| -- |
BTCTA |
| -- |
YDXCP |
| -- |
CNCGM |
| -- |
OCLCQ |
| -- |
LND |
| 042 ## - AUTHENTICATION CODE |
| Authentication code |
nbic |
| 082 04 - DEWEY DECIMAL CLASSIFICATION NUMBER |
| Classification number |
709 ART |
| Edition number |
22 |
| 245 00 - TITLE STATEMENT |
| Title |
Art : |
| Remainder of title |
the definitive visual guide / |
| Statement of responsibility, etc. |
editor-in-chief, Andrew Graham-Dixon. |
| 260 ## - PUBLICATION, DISTRIBUTION, ETC. |
| Place of publication, distribution, etc. |
London : |
| Name of publisher, distributor, etc. |
Dorling Kindersley, |
| Date of publication, distribution, etc. |
2008. |
| 300 ## - PHYSICAL DESCRIPTION |
| Extent |
612 p. : |
| Other physical details |
ill. (chiefly col.), ports. (chiefly col.) ; |
| Dimensions |
31 cm. |
| 500 ## - GENERAL NOTE |
| General note |
Published in association with the Bridgeman Art Library. |
| 520 ## - SUMMARY, ETC. |
| Summary, etc. |
Provides a guided tour around 2,500 of the world's most influential painting and sculptures, from cave paintings to modern masterpieces. |
| 650 #0 - SUBJECT ADDED ENTRY--TOPICAL TERM |
| Topical term or geographic name entry element |
Art |
| General subdivision |
History. |
| 650 #0 - SUBJECT ADDED ENTRY--TOPICAL TERM |
| Topical term or geographic name entry element |
Art appreciation. |
| 650 17 - SUBJECT ADDED ENTRY--TOPICAL TERM |
| Topical term or geographic name entry element |
Beeldende kunsten. |
| Source of heading or term |
gtt. |
| 700 1# - ADDED ENTRY--PERSONAL NAME |
| Personal name |
Graham-Dixon, Andrew. |
| Relator term |
Editorial consultant |
| 700 1# - ADDED ENTRY--PERSONAL NAME |
| Personal name |
King, Ross |
| Relator term |
Writer of foreword |
| 710 2# - ADDED ENTRY--CORPORATE NAME |
| Corporate name or jurisdiction name as entry element |
Bridgeman Art Library. |
| 942 ## - ADDED ENTRY ELEMENTS (KOHA) |
| Source of classification or shelving scheme |
|
| Koha item type |
Books - Non Ficton |